| 000 | 02653nam a2200565 i 4500 | ||
|---|---|---|---|
| 001 | 22420 | ||
| 003 | CZ PrNK | ||
| 005 | 20260328102205.0 | ||
| 007 | ta | ||
| 008 | 220524s2022 xr c 000 j cze | ||
| 015 | _acnb003423464 | ||
| 020 |
_a9788025357408 _q(vázáno) : _cKč 199,00 |
||
| 035 | _a(OCoLC)1335743463 | ||
| 040 |
_aABG001 _bcze _erda |
||
| 041 | 1 |
_acze _hger |
|
| 072 | 7 |
_a821.112.2-3 _xNěmecká próza, německy psaná _2Konspekt |
|
| 072 | 7 |
_a821-93 _xLiteratura pro děti a mládež (beletrie) _2Konspekt |
|
| 080 |
_a821.112.2(436)-32 _2MRF |
||
| 080 |
_a821-93 _2MRF |
||
| 080 |
_a(0:82-321.3) _2MRF |
||
| 080 |
_a(0.05)793.7 _2MRF |
||
| 100 | 1 |
_aBrezina, Thomas, _d1963- _4aut |
|
| 240 | 1 | 0 |
_aGift des roten Leguans. _lČesky |
| 245 | 1 | 0 |
_aJed červeného leguána / _cThomas C. Brezina ; ilustrovala Naomi Fearnová ; z německého originálu Ein Fall für dich und das Tiger Team - Das Gift des roten Leguans přeložila Dagmar Steidlová |
| 250 | _a2. vydání | ||
| 264 | 1 |
_aV Praze : _bFragment, _c2022 |
|
| 300 |
_a132 stran : _bilustrace ; _c19 cm + _e1 plastová lupa (90 x 60 mm) |
||
| 336 |
_atext _btxt _2rdacontent |
||
| 337 |
_abez média _bn _2rdamedia |
||
| 338 |
_asvazek _bnc _2rdacarrier |
||
| 490 | 1 | _aPřípad pro tebe a Klub Tygrů | |
| 520 | 2 |
_aTygří parta řeší další záhadu, tentokrát musí odhalit tajemství ostrova červeného leguána. Kniha obsahuje lupu, s níž se čtenáři můžou stát účastníky pátrání. _bBiggi, Luk a Patrik si užívají na nádherné pláži v Thajsku, když se dozví, že jejich kamarád Somchai byl otráven. Protijed lze prý získat jen ze vzácného červeného leguána, který žije na nedalekém ostrově. Dostat se na něj ale není jen tak. Vstoupit smí pouze ten, kdo zná jeho tajemství. Dokáží kamarádi z Klubu Tygrů odhalit toto tajemství a dostat se na ostrov včas? Nakladatelská anotace. Kráceno. |
|
| 521 | 1 | _aPro čtenáře od 9 let | |
| 655 | 7 |
_arakouské příběhy _2czenas |
|
| 655 | 7 |
_adobrodružné příběhy _2czenas |
|
| 655 | 7 |
_ačtenářské hry _2czenas |
|
| 655 | 7 |
_apublikace pro děti _2czenas |
|
| 655 | 9 |
_aAustrian stories _2eczenas |
|
| 655 | 9 |
_aadventure stories _2eczenas |
|
| 655 | 9 |
_aliterary recreations _2eczenas |
|
| 655 | 9 |
_achildren's literature _2eczenas |
|
| 700 | 1 |
_aFearn, Naomi, _d1976- _4ill |
|
| 700 | 1 |
_aSteidlová, Dagmar, _d1959- _4trl |
|
| 765 | 0 | _tFall für dich und das Tiger-Team | |
| 787 | 0 | 8 |
_iZ cyklu: _tPřípad pro tebe a Klub Tygrů _g45 |
| 830 | 0 | _aKlub Tygrů | |
| 901 |
_b9788025357408 _f2. vydání _o20220624 |
||
| 910 | _aABA001 | ||
| 942 |
_2ddc _cKLDE _n0 |
||
| 999 |
_c22420 _d22420 |
||